000
00236 a2200097 4500
001
50888
100
_a
Tilley D R & Tilley J
245
_a
Superfluidity and superconductivity
260
_a
_b
Adam Hilger Ltd
_c
090
_c
32253
_d
32253
942
_a
NUST-CAE
_c
M
_c
24729
999
_c
285961
_d
285961